[Event "23rd ETCC Open 2021"]
[Site "Catez"]
[Date "2021.11.16"]
[Round "5.51"]
[White "Sonis, Francesco"]
[Black "Nyysti, Sampsa"]
[Result "0-1"]
[WhiteElo "2536"]
[BlackElo "2325"]
[Annotator "TA"]
[PlyCount "118"]
[EventDate "2021.11.08"]
[EventType "team-tourn"]
[EventCountry "SLO"]
[SourceTitle "playchess.com"]
[Source "ChessBase"]
[SourceQuality "1"]
[WhiteTeam "Italy"]
[BlackTeam "Finland"]
[WhiteTeamCountry "ITA"]
[BlackTeamCountry "FIN"]

{[%evp 14,118,26,26,31,25,33,12,24,16,36,10,56,27,42,51,77,79,77,81,86,110,112,
110,123,108,123,43,59,0,32,39,27,31,90,79,91,120,89,84,129,141,144,148,229,135,
239,256,490,480,643,641,634,631,714,702,548,144,132,0,0,0,0,0,0,0,0,0,0,0,0,0,
0,0,0,0,0,0,0,0,0,0,0,0,0,-40,-40,-174,-145,-230,-207,-257,-243,-346,-351,-360,
-349,-352,-320,-1018,-1044,-1047,-1042,-1011,-1023,-741,-716]} 1. Nf3 Nf6 2. c4
b6 3. g3 c5 4. Bg2 Bb7 5. O-O e6 6. Nc3 d6 7. Re1 Be7 8. e4 e5 {A30:
Symmetrical English: Double Fianchetto and Hedgehog.} 9. d3 Nc6 10. Nd5 O-O {
The position is equal.} 11. a3 {[#]} Nxd5 $146 ({Predecessor:} 11... Bc8 12. b4
Bg4 13. Ne3 Bxf3 14. Bxf3 cxb4 15. axb4 Nxb4 16. Bb2 Nc6 17. Qa4 Qc8 18. Nd5
Re8 19. Reb1 Qb7 20. Bd1 Nd7 21. Bc1 Nc5 22. Qa3 Qd7 {1/2-1/2 (22) Marquez
Abreu,C (2367)-Morales Pecino,B (2312) ICCF email 2011}) 12. cxd5 Nb8 13. Nd2
Nd7 14. b4 Bg5 15. Nc4 {Strongly threatening Bxg5.} Bxc1 16. Rxc1 (16. Nxd6 Bb2
$17) 16... Qc7 17. f4 exf4 18. gxf4 Rae8 19. d4 Ba6 20. Nd2 ({White should play
} 20. Ne3 $1 $16) 20... Qd8 $1 $14 21. Nf3 (21. Qa4 $14 Qf6 22. dxc5 (22. Qxa6
Qxd4+ {[%mdl 64] Double Attack} 23. Kh1 Qxd2 $17) 22... Qd4+ {[%mdl 64] Double
Attack} 23. Kh1 Nxc5 24. Nf3 Nxa4 25. Nxd4) 21... cxb4 22. axb4 Nf6 23. Nd2 Bb5
(23... g6 $14) 24. Qf3 $16 {And now e5 would win.} Re7 25. e5 Ne8 26. f5 f6 {
[%cal Rd6e5]} 27. e6 g6 28. Ne4 Kh8 (28... Rg7 $16 {was called for.} 29. Qf4
Kh8) 29. Qh3 (29. fxg6 $18 Rg8 30. gxh7 (30. Nxf6 Rf8 $17) 30... Rxh7 31. Re3)
29... g5 (29... gxf5 $16 {keeps fighting.} 30. Qxf5 Rg7) 30. Qh6 $18 {[%cal
Rh6f8]} Ng7 $2 (30... Rg7 31. e7 Qxe7) 31. Bh3 Bd3 {Now ...Bxe4 and Black
clings on.} 32. Nxf6 {[%csl Gf6][%cal Rh6h7]} Bxf5 33. Rf1 Bg6 {intending ...
Rc7.} 34. Bg4 Rc7 {[#]} 35. Rxc7 $2 (35. Nxh7 $1 $18 {[%mdl 512] is the
precise move to win. White threatens Nf6+ and mate.} Rxf1+ 36. Rxf1 Bxh7 37.
Bh5 Nxh5 38. Rf8+ Qxf8 39. Qxf8+ Bg8 40. Qxd6 Rc1+ 41. Kf2) 35... Qxc7 $16 36.
Qh3 (36. Qxg5 $16 {Hoping for Rc1.} Ne8 37. Nxe8 Rxe8 38. Be2) 36... Qe7 $11
37. Nd7 Rxf1+ 38. Qxf1 Ne8 39. Qf3 Kg7 40. Qe3 h6 41. Bf3 Nf6 42. Nxf6 Qxf6 43.
Qc3 Be8 44. Qc7+ Kg6 45. Be4+ (45. Qc2+ {is more complex.} Kg7 46. Kg2 g4 47.
Bxg4 Qg5 48. Qf5) 45... Kh5 46. Qc3 {[%cal Rc3h3]} Qf4 $36 {[%mdl 2048] Black
has the initiative.} 47. Qh3+ Qh4 48. Qd3 Qg4+ 49. Kf2 {White wants to mate
with Bf3!} Qf4+ 50. Kg2 (50. Qf3+ $15 Qxf3+ 51. Kxf3) 50... g4 $19 51. b5 {[#]}
(51. h3 $17 {was worth a try.}) 51... Kg5 $1 52. Kg1 h5 ({Weaker is} 52... Bxb5
53. Qxb5 Qxe4 54. Qb4 $15) 53. e7 {[#]} (53. Qe2 $142) 53... h4 $1 ({Not} 53...
Kf6 54. Bg6 $17) 54. Bg2 g3 55. hxg3 hxg3 56. Bf3 $2 {[#]} (56. Qe2) 56... Bxb5
$1 {[%mdl 512] Black is clearly winning.} 57. Qc3 Kf6 58. Qe1 Qxd4+ 59. Kg2
Qf2+ {Never resign too early!  Weighted Error Value: White=0.37/Black=0.16} 0-1

[Event "23rd ETCC Open 2021"]
[Site "Catez"]
[Date "2021.11.16"]
[Round "5.52"]
[White "Ronka, Erik"]
[Black "Lodici, Lorenzo"]
[Result "1/2-1/2"]
[WhiteElo "2321"]
[BlackElo "2529"]
[Annotator "ChessBase"]
[PlyCount "46"]
[EventDate "2021.11.08"]
[EventType "team-tourn"]
[EventCountry "SLO"]
[SourceTitle "playchess.com"]
[Source "ChessBase"]
[SourceQuality "1"]
[WhiteTeam "Finland"]
[BlackTeam "Italy"]
[WhiteTeamCountry "FIN"]
[BlackTeamCountry "ITA"]
[TimeControl "40/5400+30:1800+30"]

1. e4 c6 2. d4 d5 3. Nd2 dxe4 4. Nxe4 Nd7 5. Ng5 Ngf6 6. Bd3 e6 7. N1f3 Bd6 8.
Qe2 h6 9. Ne4 Nxe4 10. Qxe4 Qc7 11. O-O b6 12. Qg4 g5 13. Qh3 Rg8 14. Re1 g4
15. Qxh6 gxf3 16. Rxe6+ fxe6 17. Qxe6+ Be7 18. Qxg8+ Nf8 19. Bg6+ Kd7 20. Bf5+
Ke8 21. Bg6+ Kd7 22. Bf5+ Ke8 23. Bg6+ Kd7 1/2-1/2

[Event "23rd ETCC Open 2021"]
[Site "Catez"]
[Date "2021.11.16"]
[Round "5.53"]
[White "Ragger, Markus"]
[Black "Laurusas, Tomas"]
[Result "1/2-1/2"]
[WhiteElo "2668"]
[BlackElo "2553"]
[Annotator "TA"]
[PlyCount "93"]
[EventDate "2021.11.08"]
[EventType "team-tourn"]
[EventCountry "SLO"]
[SourceTitle "playchess.com"]
[Source "ChessBase"]
[SourceQuality "1"]
[WhiteTeam "Austria"]
[BlackTeam "Lithuania"]
[WhiteTeamCountry "AUT"]
[BlackTeamCountry "LTU"]

{[%evp 25,93,42,45,43,34,52,37,34,35,31,41,30,54,50,56,27,21,24,32,27,35,41,57,
9,18,14,55,38,54,25,33,25,25,0,32,47,72,32,34,33,39,0,0,0,0,0,31,0,0,0,0,-25,0,
0,0,0,0,0,0,0,0,0,0,0,0,0,0,0,0,0]} 1. e4 e5 2. Nf3 Nf6 3. Nxe5 d6 4. Nf3 Nxe4
5. d4 d5 6. Bd3 Nc6 7. O-O Be7 8. Nbd2 Bf5 9. Re1 Nxd2 10. Qxd2 Bxd3 11. Qxd3
O-O 12. c3 Qd7 13. Bf4 a6 14. Re2 {C42: Petroff Defence: 3 Nxe5 and unusual
White 3rd moves.} Rae8 15. Rae1 Bd8 16. h4 {White is slightly better.} Rxe2 17.
Qxe2 {[#]} Qf5 $146 ({Predecessor:} 17... Qg4 18. Bg3 f6 19. b4 Na7 20. c4 Qd7
21. c5 Rf7 22. Qc2 Re7 23. Rb1 c6 {1/2-1/2 (40) Langeveld,R (2679)-Hall,M 
(2602) ICCF email 2017}) 18. Bg3 f6 19. Nd2 Rf7 $1 20. Nf1 Qd7 21. Ne3 Ne7 22.
Qf3 c6 23. h5 Bc7 24. h6 Bxg3 $1 25. Qxg3 f5 26. hxg7 Ng6 {[#] aiming for ...
f4.} 27. Nc2 f4 28. Qg5 Kxg7 29. Nb4 h6 30. Qh5 Re7 31. Rxe7+ (31. Nd3 {
feels hotter.} Rxe1+ 32. Nxe1 Qe6 33. Kf1 a5 34. a4) 31... Qxe7 32. Nd3 Qe4 33.
Qh3 h5 34. Kf1 Kh6 35. Qf3 Qf5 (35... Qxf3 {with more complications.} 36. gxf3
a5 37. Nc5 b6 38. Ne6 a4) 36. Ke2 Kg5 37. g3 a5 38. Kd2 fxg3 39. Qe3+ {The
position is equal.} Kf6 {[#] And now ...g2 would win.} 40. fxg3 b6 41. a4 Qf1
42. Qe2 (42. Kc2 {is more complex.} Qf5 43. b3 Qe4 44. Qf2+ Qf5 45. Qe2) 42...
Qxe2+ 43. Kxe2 b5 44. b3 bxa4 45. bxa4 Ne7 46. Nc5 Nc8 47. Nb3 {Weighted Error
Value: White=0.10/Black=0.05} 1/2-1/2

[Event "23rd ETCC Open 2021"]
[Site "Catez"]
[Date "2021.11.16"]
[Round "5.54"]
[White "Kazakouski, Valery"]
[Black "Dragnev, Valentin"]
[Result "1-0"]
[WhiteElo "2490"]
[BlackElo "2548"]
[Annotator "ChessBase"]
[PlyCount "51"]
[EventDate "2021.11.08"]
[EventType "team-tourn"]
[EventCountry "SLO"]
[SourceTitle "playchess.com"]
[Source "ChessBase"]
[SourceQuality "1"]
[WhiteTeam "Lithuania"]
[BlackTeam "Austria"]
[WhiteTeamCountry "LTU"]
[BlackTeamCountry "AUT"]
[TimeControl "40/5400+30:1800+30"]

1. d4 Nf6 2. c4 g6 3. g3 c6 4. Bg2 d5 5. Qa4 Bg7 6. cxd5 Nxd5 7. Nf3 Nb6 8. Qa3
Bxd4 9. Nxd4 Qxd4 10. Be3 Qd6 11. Bc5 Qc7 12. Nd2 Na6 13. Be3 Be6 14. O-O f6
15. Bf4 Qc8 16. e4 Bh3 17. e5 Bxg2 18. exf6 Nd5 19. Rfe1 c5 20. Rxe7+ Nxe7 21.
Re1 Bd5 22. Rxe7+ Kd8 23. Ne4 Rb8 24. Qa5+ b6 25. Qd2 Qf5 26. Re5 1-0

[Event "23rd ETCC Open 2021"]
[Site "Catez"]
[Date "2021.11.16"]
[Round "5.55"]
[White "Blohberger, Felix"]
[Black "Klabis, Rokas"]
[Result "1-0"]
[WhiteElo "2490"]
[BlackElo "2353"]
[Annotator "TA"]
[PlyCount "101"]
[EventDate "2021.11.08"]
[EventType "team-tourn"]
[EventCountry "SLO"]
[SourceTitle "playchess.com"]
[Source "ChessBase"]
[SourceQuality "1"]
[WhiteTeam "Austria"]
[BlackTeam "Lithuania"]
[WhiteTeamCountry "AUT"]
[BlackTeamCountry "LTU"]

{[%evp 14,101,-5,-12,8,4,6,6,8,25,11,-13,-17,-20,0,0,28,31,31,24,21,-2,32,-39,
-42,-42,0,0,0,0,0,-103,-66,-177,-174,-238,-132,-118,0,0,130,-135,0,0,122,105,
115,116,179,175,175,170,174,75,417,433,431,407,377,214,193,0,364,0,142,7,5,0,
137,137,124,143,128,121,160,150,143,91,658,501,658,652,646,637,954,943,906,897,
827,810]} 1. d4 Nf6 2. c4 e6 3. Nc3 Bb4 4. f3 d5 5. a3 Bxc3+ 6. bxc3 c5 7. cxd5
exd5 8. e3 c4 {is currently scoring better than 8...0-0. E25: Nimzo-Indian:
Sämisch: 5...c5 6 f3 d5 7 cxd5.} 9. Ne2 Nc6 10. g4 O-O {The position is equal.}
11. Bg2 Na5 12. Nf4 Nb3 {[#]} 13. Ra2 $146 ({Predecessor:} 13. Rb1 b6 14. O-O
h6 15. Qc2 Nxc1 16. Rbxc1 Qd6 17. h4 Bb7 18. g5 Nh7 19. g6 Nf6 20. Bh3 Bc8 21.
Bxc8 Raxc8 22. a4 Rce8 23. Rce1 {1/2-1/2 (23) Heinke,R (2144)-Reinecke,R (2127)
GER email 2011}) 13... a5 14. O-O Rb8 15. e4 Nxc1 16. Qxc1 dxe4 17. fxe4 b5 18.
e5 (18. g5 $14 Ne8 19. Ne2) 18... Nxg4 $15 19. Bf3 Qh4 20. Rg2 Nh6 21. Nh5 {
White wants to mate with Qxh6.} Nf5 22. Kh1 (22. Rg4 $1 $11 {remains equal.}
Qxh5 23. Rxg7+ Nxg7 24. Bxh5 Nxh5 25. Qg5+ Ng7 26. d5) 22... Rb6 23. Rfg1 ({
White should play} 23. Nf6+ $1 $15 Kh8 24. Nd5) 23... Rg6 $19 24. Nf4 (24. Qf4
$142) 24... Rh6 (24... Rxg2 $19 25. Rxg2 b4 26. axb4 axb4) 25. Qd2 $17 Qe7 (
25... Kh8 $17 26. Be4 b4) 26. Nd5 $11 Qh4 (26... Qe6 $1 $11) 27. Nf4 $2 {
[%mdl 8192]} (27. Rg4 $1 $16 {[%cal Rg4h4] is forced if you want to stay
better.} Qh3 28. Qf2) 27... Qe7 {[%mdl 8192]} (27... Kh8 $17 28. Be4 b4) 28.
Nd5 $36 {[%mdl 2048] Black is under pressure.} Qh4 29. Rg4 $1 {[%cal Rg4h4]}
Qh3 30. Qf2 {Hoping for Nf4.} Bb7 (30... Rg6 $16 {was necessary.}) 31. Nf6+ $18
{[%mdl 64] Discovered Attack} ({Not} 31. Ne7+ Nxe7 32. Bxb7 (32. Rxg7+ $2 Kh8
$19) 32... Rg6 $15) 31... Kh8 32. Bxb7 {Threatens to win with Be4.} gxf6 33.
Be4 (33. R1g2 $18 Ne7 34. exf6) 33... Ne7 {[%mdl 8192]} (33... Ne3 $16 {
is a better chance.} 34. Rf4 f5) 34. exf6 Ng6 35. R1g3 Qh5 36. Rg5 (36. Bf5
$142) 36... Qh4 37. R5g4 (37. Bd5 $1) 37... Qh5 38. Rg5 $2 (38. Bf5 $18 {
and White stays clearly on top.}) 38... Qh4 $16 {[#]} 39. Bxg6 ({White should
try} 39. Bd5 $1 $16) 39... Rxg6 $11 40. Rxb5 (40. Qe3 {is interesting.} Rxg5
41. Qxg5 Qe4+ 42. Rg2 Qb1+ 43. Rg1) 40... Qxf6 (40... Rxf6 $11 {keeps the
balance.} 41. Qe2 Re6) 41. Qxf6+ $16 Rxf6 42. Rxa5 {[%mdl 4096] Endgame KRR-KRR
} Re8 43. Rc5 h6 44. Rxc4 Rf2 {intending ...Re1+.} 45. d5 (45. Rc6 $142 {
[%cal Rc6h6]} Kh7 46. Kg1) 45... Re1+ $2 {[%mdl 8192]} (45... Rd2 $16 {is
tougher.}) 46. Rg1 $18 {White is clearly winning.} Ree2 {[%csl Ge2][%cal Rf2h2]
} 47. Rh4 {[%cal Rh4h6]} Kh7 48. Rd1 f5 {[#] If only Black now had time for ...
f4....} 49. d6 $1 {[%cal Rd6d7] d7 would kill now.} Re8 50. d7 Rd8 51. Rc4 {
What a fight!  Weighted Error Value: White=0.42/Black=0.63} 1-0

[Event "23rd ETCC Open 2021"]
[Site "Catez"]
[Date "2021.11.16"]
[Round "5.56"]
[White "Brazdzionis, Andrius"]
[Black "Horvath, Dominik"]
[Result "1/2-1/2"]
[WhiteElo "2356"]
[BlackElo "2469"]
[Annotator "ChessBase"]
[PlyCount "59"]
[EventDate "2021.11.08"]
[EventType "team-tourn"]
[EventCountry "SLO"]
[SourceTitle "playchess.com"]
[Source "ChessBase"]
[SourceQuality "1"]
[WhiteTeam "Lithuania"]
[BlackTeam "Austria"]
[WhiteTeamCountry "LTU"]
[BlackTeamCountry "AUT"]
[TimeControl "40/5400+30:1800+30"]

1. d4 d5 2. c4 c6 3. Nf3 Nf6 4. Nc3 e6 5. Bg5 h6 6. Bh4 dxc4 7. e4 g5 8. Bg3 b5
9. Be2 Nbd7 10. Ne5 Bb7 11. O-O Nxe5 12. Bxe5 Rh7 13. a4 b4 14. Bxf6 Qxf6 15.
e5 Qg6 16. Bxc4 bxc3 17. Bd3 Qg7 18. bxc3 Rh8 19. Qb3 Bc8 20. Be4 Bd7 21. Qb7
Rc8 22. Qxa7 f5 23. exf6 Qxf6 24. Rab1 Qf4 25. Rfe1 Bd6 26. g3 Qd2 27. Red1 Qe2
28. Re1 Qd2 29. Red1 Qe2 30. Re1 1/2-1/2

[Event "23rd ETCC Open 2021"]
[Site "Catez"]
[Date "2021.11.16"]
[Round "5.57"]
[White "Mehmeti, Dritan"]
[Black "Bogner, Sebastian"]
[Result "0-1"]
[WhiteElo "2391"]
[BlackElo "2574"]
[Annotator "TA"]
[PlyCount "108"]
[EventDate "2021.11.08"]
[EventType "team-tourn"]
[EventCountry "SLO"]
[SourceTitle "playchess.com"]
[Source "ChessBase"]
[SourceQuality "1"]
[WhiteTeam "Albania"]
[BlackTeam "Switzerland"]
[WhiteTeamCountry "ALB"]
[BlackTeamCountry "SUI"]

{[%evp 15,108,0,0,-16,-11,-14,9,5,0,0,0,0,8,2,0,0,0,0,0,0,0,6,2,0,2,0,0,0,0,-5,
0,-4,0,0,10,16,10,-7,-7,-7,-7,-12,-6,-5,0,-24,-24,-24,-24,-24,-24,-25,-24,-25,
-25,-25,-32,-39,0,-108,-91,-170,-186,-249,0,0,0,-229,-207,-127,-83,-1120,-987,
-1247,-976,-1001,-339,-933,-889,-1249,-1229,-1604,-1491,-1749,-1839,-2704,
-2424,-2717,-1985,-4614,-5110,-5109,-5069,-1318,-2233]} 1. d4 Nf6 2. Nf3 e6 3.
Bf4 d5 4. e3 Bd6 5. Bg3 O-O 6. Bd3 c5 7. c3 Qc7 $1 {[%mdl 4] is currently
scoring better than 7...Nc6.} 8. Nbd2 Nbd7 9. O-O {D02: 1 d4 d5 2 Nf3
sidelines, including 2...Nf6 3 g3 and 2...Nf6 3 Bf4.} Bxg3 10. hxg3 e5 {
[#] Threatens to win with ...e4.} 11. e4 {The position is equal.} dxe4 12. Nxe4
Nxe4 13. Bxe4 Nf6 14. Qc2 Nxe4 15. Qxe4 exd4 16. cxd4 cxd4 17. Ng5 {[%csl Gg5]
[%cal Re4h7]} g6 18. Qxd4 Bf5 {[#]} 19. Rfe1 $146 ({Predecessor:} 19. Rac1 Qe7
20. Qh4 h5 21. Nf3 Qxh4 22. gxh4 Rac8 23. Nd4 Bd7 24. a3 Kg7 25. g3 {0-1 (44)
Audi,A (2378)-Maly,A (2371) chess.com INT 2020}) 19... Rfd8 20. Qh4 h5 21. Rac1
Qd6 22. Ne4 Bxe4 23. Qxe4 Rd7 (23... b5 {is interesting.} 24. g4 hxg4 25. Qxg4
Qf6 26. Qe2 Rd5) 24. Qa4 Re7 25. Rxe7 Qxe7 $11 {[%mdl 4096] Endgame KQR-KQR}
26. Rd1 Qe2 27. Qd4 Rc8 28. a3 b6 29. b4 Rc4 (29... Rc2 {looks sharper.} 30. a4
Kh7 31. b5 Kg8 32. Rf1 Rc4) 30. Qd3 (30. Qa1 {looks sharper.} Qe7 31. Re1 Qd8
32. Rd1 Qc7 33. Re1) 30... Qxd3 31. Rxd3 {KR-KR} Rc1+ 32. Kh2 Ra1 33. f3 Kg7
34. g4 hxg4 35. fxg4 Kf6 36. Kg3 Ke5 37. Re3+ (37. Kh4 $11) 37... Kd4 $17 38.
Rf3 {[#]} (38. Rb3 $17 {might work better.}) 38... g5 $1 $19 39. Kh3 (39. Rxf7
$142 Rxa3+ 40. Kf2) 39... Rh1+ 40. Kg3 Ra1 41. Kh3 $1 Kc4 42. g3 b5 43. Rxf7 $2
{[%mdl 8192] This move loses the game for White.} (43. Kg2 $17) 43... Rxa3 44.
Rf5 Kxb4 45. Rxg5 Ra6 $2 (45... a5 46. Rf5 Rd3) 46. Rf5 $2 (46. Kh4 Rc6 47. Rf5
) 46... Rh6+ {Black is clearly winning.} 47. Rh5 Rg6 48. g5 a5 {[%cal Ba7a5,
Ba5a4,Ba4a3,Ba3a2][%mdl 32]} 49. Kg4 a4 50. Kf5 Rg8 51. g6 a3 52. Kf6 a2 53.
Rh1 Ka3 54. Kf7 Rb8 {Weighted Error Value: White=0.96/Black=0.18} 0-1

[Event "23rd ETCC Open 2021"]
[Site "Catez"]
[Date "2021.11.16"]
[Round "5.58"]
[White "Pelletier, Yannick"]
[Black "Pasko, Llambi"]
[Result "1/2-1/2"]
[WhiteElo "2564"]
[BlackElo "2417"]
[Annotator "TA"]
[PlyCount "135"]
[EventDate "2021.11.08"]
[EventType "team-tourn"]
[EventCountry "SLO"]
[SourceTitle "playchess.com"]
[Source "ChessBase"]
[SourceQuality "1"]
[WhiteTeam "Switzerland"]
[BlackTeam "Albania"]
[WhiteTeamCountry "SUI"]
[BlackTeamCountry "ALB"]

{[%evp 19,135,33,33,30,38,38,38,44,35,37,30,21,16,28,29,26,26,26,20,17,16,19,
25,0,0,0,0,0,12,2,8,10,13,14,14,0,10,0,6,0,0,-8,0,0,0,0,0,-23,-21,-24,-19,-30,
0,0,0,0,0,-80,-10,-10,0,0,0,0,0,0,0,0,0,0,0,0,0,0,0,0,0,0,0,0,0,0,0,0,0,0,0,0,
0,0,0,0,0,0,0,0,0,0,0,0,0,0,0,0,0,0,0,0,0,0,0,0,0,0,0,0,0,0]} 1. d4 d5 2. c4 c6
3. Nf3 Nf6 4. Nc3 e6 5. Bg5 Nbd7 6. e3 Qa5 7. Nd2 Bb4 8. Qc2 dxc4 9. Bxf6 Nxf6
10. Nxc4 Qd5 11. O-O-O {D52: Queen's Gambit Declined: Cambridge Springs
Variation.} Bxc3 12. Qxc3 O-O 13. f3 {White is slightly better.} c5 14. e4 cxd4
15. Qxd4 (15. exd5 dxc3 16. Ne3 Nxd5 $17) 15... Qxd4 16. Rxd4 Bd7 17. Nd6 Bc6 {
[#]} 18. Bb5 $146 ({Predecessor:} 18. Bc4 Rfd8 19. Rhd1 Ne8 20. Nxe8 Rxe8 21.
e5 Rac8 22. Kd2 Kf8 23. Ke3 Ke7 24. Rg4 {1-0 (51) Peskov,A (2362)-Kosikov,A 
(2158) Alushta 2005}) 18... Bxb5 19. Nxb5 Rfc8+ 20. Kb1 Kf8 21. Ra4 a6 22. Nd6
{[%mdl 64] [#] Double Attack} Rc7 23. Rc1 Rd7 24. e5 Ne8 25. Ne4 Rad8 26. g3
Ke7 27. b3 Rc7 28. Rxc7+ Nxc7 $11 {[%mdl 4096] Endgame KRN-KRN} 29. Nd6 b5 30.
Rg4 Rg8 31. Ne4 {White wants to play Nf6!} h5 32. Rh4 g6 33. g4 Nd5 34. gxh5
gxh5 35. Ng3 b4 36. Rxh5 Nc3+ 37. Kc2 Nxa2 {...Rc8+ is the strong threat.} 38.
Ne4 (38. Rh4 $11) 38... Nc3 (38... Rc8+ $17 39. Kd1 Nc3+ 40. Kd2 Nxe4+ 41. fxe4
Rc3) 39. Nd6 {The position is equal.} ({Reject} 39. Nxc3 Rc8 $17) 39... Nb5 (
39... Rg2+ {keeps more tension.} 40. Kd3 Na2 41. f4 Nc1+ 42. Kc4 Rg4) 40. Nxb5
axb5 {KR-KR} 41. Rh4 Rc8+ 42. Kd2 Rc3 43. Rxb4 Rxf3 44. Rxb5 Rh3 45. Rb7+ Kf8
46. b4 Kg7 47. Rc7 Kg6 48. b5 Rxh2+ 49. Kc3 Rh1 {[#] Hoping for ...Rc1+.} 50.
b6 {And now Rc4 would win.} (50. Kc2 {keeps more tension.} Kf5 51. Rxf7+ Kxe5
52. Rd7 Ke4 53. b6) 50... Rb1 51. b7 f6 52. exf6 Kxf6 53. Kd4 Kf5 54. Rf7+ Kg6
55. Rd7 Kf5 56. Kc5 e5 57. Kc6 Rc1+ 58. Kd6 (58. Kb5 {looks sharper.} Rb1+ 59.
Kc4 Ke6 60. Rh7 e4 61. Rh6+) 58... Rd1+ 59. Kc7 (59. Kc5 {with more
complications.} Rb1) 59... Rc1+ 60. Kd8 (60. Kb6 {feels hotter.} Rb1+ 61. Ka6
Ra1+ 62. Kb5 Rb1+ 63. Kc4) 60... Rb1 61. Kc8 (61. Rc7 {seems wilder.} Kg4 62.
Re7 Kf4 63. Rf7+ Kg3 64. Rg7+) 61... e4 62. b8=Q (62. Rd1 {is more complex.}
Rb3 63. Kb8 e3 64. Re1 Ke4 65. Kc7) 62... Rxb8+ 63. Kxb8 {KR-KP} e3 64. Re7 Kf4
65. Kc7 Kf3 66. Kd6 e2 67. Rxe2 Kxe2 68. Kd5 {Weighted Error Value: White=0.05/
Black=0.04} 1/2-1/2

[Event "23rd ETCC Open 2021"]
[Site "Catez"]
[Date "2021.11.16"]
[Round "5.59"]
[White "Ashiku, Franc"]
[Black "Kurmann, Oliver"]
[Result "0-1"]
[WhiteElo "2419"]
[BlackElo "2458"]
[Annotator "ChessBase"]
[PlyCount "122"]
[EventDate "2021.11.08"]
[EventType "team-tourn"]
[EventCountry "SLO"]
[SourceTitle "playchess.com"]
[Source "ChessBase"]
[SourceQuality "1"]
[WhiteTeam "Albania"]
[BlackTeam "Switzerland"]
[WhiteTeamCountry "ALB"]
[BlackTeamCountry "SUI"]
[TimeControl "40/5400+30:1800+30"]

1. d4 d5 2. c4 dxc4 3. Nf3 c5 4. e3 cxd4 5. Bxc4 Qc7 6. Bb3 dxe3 7. Bxe3 e6 8.
O-O Nf6 9. Nc3 Nc6 10. Nb5 Qa5 11. Nfd4 Bd7 12. Bf4 Rc8 13. Rc1 a6 14. Nd6+
Bxd6 15. Bxd6 Ne4 16. Ba3 Qd2 17. Bxe6 fxe6 18. Qh5+ g6 19. Qh4 Qg5 20. Qxe4
Qd5 21. Qxd5 exd5 22. Ne2 Kf7 23. Rfd1 Be6 24. Bc5 Rhd8 25. Nf4 d4 26. Bb6 Rd6
27. Nxe6 Kxe6 28. Kf1 Kd7 29. Rd2 d3 30. b3 Nb4 31. Rxc8 Kxc8 32. Ba5 Nc2 33.
g3 Kd7 34. Rd1 b5 35. Bd2 Kc6 36. Kg2 Kc5 37. Kf3 Kd4 38. Rc1 Rf6+ 39. Kg2 Re6
40. Kf3 b4 41. h4 Rf6+ 42. Kg2 h5 43. Kf1 a5 44. Rb1 Re6 45. Rc1 a4 46. bxa4
Ra6 47. Rb1 Rxa4 48. Rb2 Kc4 49. Kg2 Nd4 50. g4 Ne2 51. gxh5 gxh5 52. f4 Nc3
53. f5 Ra5 54. f6 Rf5 55. Bxc3 bxc3 56. Rf2 Rxf6 57. Rxf6 d2 58. Rd6 c2 59.
Rxd2 c1=Q 60. Rf2 Qe3 61. Rf3 Qe4 0-1

[Event "23rd ETCC Open 2021"]
[Site "Catez"]
[Date "2021.11.16"]
[Round "5.60"]
[White "Baenziger, Fabian"]
[Black "Seitaj, Ilir"]
[Result "1-0"]
[WhiteElo "2403"]
[BlackElo "2351"]
[Annotator "ChessBase"]
[PlyCount "151"]
[EventDate "2021.11.08"]
[EventType "team-tourn"]
[EventCountry "SLO"]
[SourceTitle "playchess.com"]
[Source "ChessBase"]
[SourceQuality "1"]
[WhiteTeam "Switzerland"]
[BlackTeam "Albania"]
[WhiteTeamCountry "SUI"]
[BlackTeamCountry "ALB"]
[TimeControl "40/5400+30:1800+30"]

1. d4 d5 2. c4 e6 3. Nc3 Nf6 4. Bg5 Be7 5. e3 O-O 6. Nf3 Nbd7 7. Qc2 h6 8. Bh4
c6 9. a3 Re8 10. Rd1 a6 11. Be2 dxc4 12. Bxc4 Nd5 13. Bxe7 Qxe7 14. O-O Nxc3
15. Qxc3 c5 16. dxc5 Qxc5 17. Rc1 Nf6 18. Rfd1 b5 19. Bb3 Qxc3 20. Rxc3 Bb7 21.
Rc7 Bd5 22. Bxd5 Nxd5 23. Rb7 Reb8 24. Rxb8+ Rxb8 25. Rc1 Nb6 26. Kf1 Nc4 27.
Rc2 Rd8 28. Ke2 Kf8 29. a4 Nd6 30. axb5 Nxb5 31. Rc6 Rd6 32. Ne5 Rd5 33. Nc4 a5
34. Nxa5 Nd4+ 35. exd4 Rxa5 36. Kd3 Rf5 37. Rc2 Ke7 38. b4 Kd6 39. f3 Rb5 40.
Kc4 Rb8 41. Kb3 g5 42. Rc5 f5 43. Kc4 Ra8 44. Ra5 Rc8+ 45. Rc5 Ra8 46. d5 exd5+
47. Rxd5+ Ke6 48. b5 Ra4+ 49. Kb3 Ra5 50. Kc4 Ra4+ 51. Kc5 Ra2 52. Rd6+ Ke5 53.
Rd5+ Ke6 54. Rd6+ Ke5 55. Rd4 Rxg2 56. b6 Rb2 57. Rb4 Rc2+ 58. Rc4 Rb2 59. Rb4
Rc2+ 60. Kb5 Kd6 61. Rd4+ Ke5 62. Rc4 Rb2+ 63. Rb4 Rd2 64. b7 Rd8 65. Kc6 Rg8
66. b8=Q+ Rxb8 67. Rxb8 Kf4 68. Rf8 Kxf3 69. Rxf5+ Kg2 70. Kd5 Kxh2 71. Ke4 Kg2
72. Rf6 g4 73. Rxh6 g3 74. Ke3 Kg1 75. Rg6 g2 76. Ke2 1-0

[Event "23rd ETCC Open 2021"]
[Site "Catez"]
[Date "2021.11.16"]
[Round "5.61"]
[White "Saraci, Nderim"]
[Black "Dardha, Daniel"]
[Result "1/2-1/2"]
[WhiteElo "2486"]
[BlackElo "2525"]
[Annotator "ChessBase"]
[PlyCount "67"]
[EventDate "2021.11.08"]
[EventType "team-tourn"]
[EventCountry "SLO"]
[SourceTitle "playchess.com"]
[Source "ChessBase"]
[SourceQuality "1"]
[WhiteTeam "Kosovo"]
[BlackTeam "Belgium"]
[WhiteTeamCountry "KOS"]
[BlackTeamCountry "BEL"]
[TimeControl "40/5400+30:1800+30"]

1. c4 b6 2. Nc3 Bb7 3. d4 Nf6 4. Nf3 e6 5. e3 Bb4 6. Bd2 O-O 7. Bd3 d5 8. O-O
dxc4 9. Bxc4 Nbd7 10. Qe2 a6 11. a3 Bd6 12. e4 e5 13. dxe5 Nxe5 14. Nxe5 Bxe5
15. Rad1 Qe7 16. Rfe1 b5 17. Ba2 Rad8 18. Nd5 Bxd5 19. exd5 Rfe8 20. Be3 Bd6
21. g3 Qd7 22. Qf3 Ng4 23. Bd4 Ne5 24. Qc3 Qg4 25. Bxe5 Rxe5 26. Rxe5 Bxe5 27.
Qc2 Bxb2 28. h3 Qa4 29. Bb3 Qxa3 30. Rd3 Qa1+ 31. Rd1 Qa3 32. Rd3 Qa1+ 33. Rd1
Qa3 34. Rd3 1/2-1/2